000 00660naa a2200145Ia 4500
003 ES-SlBCS
005 20210601152736.0
008 140519s2003 xxu||||| |||| 00| 0 eng d
041 _aeng
100 1 _aPollak-Eltz, Angelina
_9220363
245 0 0 _aImagination in the Creation of new Spiritual Cults in latin America
_cAngelina Pollak-Eltz
650 4 _aCulto de María Lionza
_9350603
773 0 _tMoral Imagination and Character Development : Volume III : Imagination in Religion and Social Life / George F. Mclean, John K. White
_dWashington : The Council for Research in Values and Philosophy, 2003
_g, págs. 79-88
_z1-565118-182-4
_wVA52892
942 _cAC
999 _c780268
_d780268